Statistics for guess the country by flag

Click here to take the quiz!

General Stats

  • This quiz has been taken 8 times
  • The average score is 9 of 16

Answer Stats

Answer% Correct
australia
88%
usa
88%
China
75%
estonia
75%
india
75%
Kazakhstan
75%
russia
75%
ussr
63%
afghanistan
50%
belarus
50%
laos
50%
armenia
38%
botswana
38%
grenada
38%
samoa
25%
cristmas island
13%

Score Distribution

Percentile by Number Answered

Percent of People with Each Score

Your Score History

You have not taken this quiz